Las leyes (Registro nro. 23907)

Detalles MARC
000 -ENCABEZADO
Número de control [NR] 00953nam a2200265Ia 4500
005 - FECHA Y HORA DE LA ÚLTIMA TRANSACCIÓN
control field 20140903175814.0
008 - DE LONGITUD FIJA DE DATOS DE ELEMENTOS - INFORMACIÓN GENERAL
Elementos de longitud fija [NR] 130821s1983 sp gr spa
040 ## - FUENTE DE CATALOGACION [NR]
Agencia de catalogación original [NR] Co-BoUCM
Idioma de catalogación [NR] spa
Quien Cataloga [Nuevo]
Quien Clasifica Aldemar Mondragón
041 00 - CODIGO DE IDIOMA [R]
Código de idioma para texto/pista de sonido o título separado [R] Español
100 ## - ASIENTO PRINCIPAL--NOMBRE PERSONAL [NR]
Nombre personal [NR] Platon
Fechas asociadas con el nombre [NR] 427-347 A.C.
ID Autoridad 2609
240 ## - TITULO UNIFORME [NR]
Título uniforme [NR] <a href="Las leyes">Las leyes</a>
245 04 - MENCION DE TITULO [NR]
Título [NR] Las leyes
Mención de responsabilidad, etc. [NR] Platón ; edición bilingue, traducción, notas y estudio preliminar por José Manuel Pabón y Manuel Fernandez-Galiano
250 ## - MENCION DE EDICION [NR]
Mención de edición [NR] 2a. ed
260 ## - PUBLICACION, DISTRIBUCION, ETC. (PIE DE IMPRENTA) [R]
Lugar de publicación, distribución, etc. [R] Madrid (España)
Nombre del editor, distribuidor, etc. [R] Centro de Estudios Constitucionales
Fecha de publicación, distribución, etc. [R] 1983
300 ## - DESCRIPCION FISICA [R]
Extensión [R] 2 volúmenes
490 ## - MENCION DE SERIE [R]
Mención de serie [R] Clásicos Políticos
500 ## - NOTA GENERAL [R]
Nota general [NR] Texto en Griego y Español
650 04 - ASIENTO SECUNDARIO DE MATERIA - TERMINO TEMATICO [R]
Término temático o nombre geográfico como elemento de entrada [NR] Ciencia política
9 (RLIN) 340
650 04 - ASIENTO SECUNDARIO DE MATERIA - TERMINO TEMATICO [R]
Término temático o nombre geográfico como elemento de entrada [NR] Filosofía griega
9 (RLIN) 15815
650 04 - ASIENTO SECUNDARIO DE MATERIA - TERMINO TEMATICO [R]
Término temático o nombre geográfico como elemento de entrada [NR] Leyes
Subdivisión general [R] Historia
Subdivisión geográfica [R] Roma
9 (RLIN) 18459
700 ## - ASIENTO SECUNDARIO - NOMBRE PERSONAL [R]
Nombre personal [NR] Fernández-Galiano, Manuel
9 (RLIN) 54344
700 ## - ASIENTO SECUNDARIO - NOMBRE PERSONAL [R]
Nombre personal [NR] Pabón, José Manuel
9 (RLIN) 56562
942 ## - ELEMENTOS DE ENTRADA AGREGADOS (KOHA)
Tipo de ítem principal el descrito en 300a Libro
Tema principal Ciencia política
Edición 2
Parte restante de la signatura top. P718cec
Sistema de clasificación DEWEY
Clasificación 328
Existencias
Fecha de último préstamo Total préstamos Signatura topográfica Código de barras Última vez visto Volúmen / Fascículo Ejemplar Price effective from Tipo de ítem Perdido Sistema de clasificación Dañado No prestable Tipo de ítem específico Suprimido Ubicación habitual Ubicación actual Localización Fecha de creación Forma de adquisición Costo
18/08/2005 6 328 P718cec 100025682 06/06/2024 2a.Ed. V.2 Ej.1 03/02/2013 Libro   DEWEY     Libro   Bodega Bodega 3er piso 28/02/2003 Donación 1000.00
26/11/2011 17 328 P718cec 100025683 06/06/2024 2a.Ed. V.1 Ej.1 03/02/2013 Libro   DEWEY     Libro   Bodega Bodega 3er piso 28/02/2003 Donación 1000.00